Southville International School and Colleges

Biribi : (Record no. 245747)

000 -LEADER
fixed length control field 00660cam a22002293a 4500
001 - CONTROL NUMBER
control field 16492
003 - CONTROL NUMBER IDENTIFIER
control field PGUSA
005 - DATE AND TIME OF LATEST TRANSACTION
control field 20140828083342.0
008 - FIXED-LENGTH DATA ELEMENTS--GENERAL INFORMATION
fixed length control field 050808s2005||||xxu|||||s|||||000 1 eng d
040 ## - CATALOGING SOURCE
Original cataloging agency PGUSA
Language of cataloging eng
042 ## - AUTHENTICATION CODE
Authentication code dc
050 #4 - LIBRARY OF CONGRESS CALL NUMBER
Classification number PQ
100 1# - MAIN ENTRY--PERSONAL NAME
Personal name Darien, Georges,
Dates associated with a name 1862-1921
245 10 - TITLE STATEMENT
Title Biribi :
Remainder of title Discipline militaire
Medium [electronic resource] /
Statement of responsibility, etc Georges Darien
260 ## - PUBLICATION, DISTRIBUTION, ETC. (IMPRINT)
Name of publisher, distributor, etc Project Gutenberg,
Date of publication, distribution, etc 2005
506 ## - RESTRICTIONS ON ACCESS NOTE
Terms governing access Public domain in the USA.
516 ## - TYPE OF COMPUTER FILE OR DATA NOTE
Type of computer file or data note Electronic text
653 ## - INDEX TERM--UNCONTROLLED
Uncontrolled term France. Armée -- Military life -- Fiction
830 #0 - SERIES ADDED ENTRY--UNIFORM TITLE
Uniform title Project Gutenberg
Volume number/sequential designation 16492
856 40 - ELECTRONIC LOCATION AND ACCESS
Uniform Resource Identifier http://www.gutenberg.org/ebooks/16492
942 ## - ADDED ENTRY ELEMENTS (KOHA)
Koha item type eBooks
Holdings
Date last seen Permanent Location Date acquired Current Location Price effective from Withdrawn status Lost status Koha item type Damaged status
2014-08-28Project Gutenberg2014-08-28Project Gutenberg2014-08-28  eBooks 
Powered by Koha